000 00302nam a22001097a 4500
082 _a669 MET'A
245 _aMETALLURGICAL PROCESS A SERIES OF CRITICAL REVIEWS
260 _aLONDON
_bIRON & STEEL
_c1960
300 _a80P
650 _aIRON MAKING STEEMAKING SOLIDIFICATION OF STEEL
_958422
942 _cBK
999 _c568621
_d568621